| 000 | 01048cam a2200349 i 4500 | ||
|---|---|---|---|
| 001 | 200468156 | ||
| 003 | TR-AnTOB | ||
| 005 | 20260416145215.0 | ||
| 007 | ta | ||
| 008 | 891228t19661966nyu b 001 0 eng | ||
| 010 | _a 89071524 | ||
| 020 | _a0486662756 | ||
| 020 | _a9780486662756 | ||
| 035 | _a1511245 | ||
| 040 |
_aDLC _cDLC _dDLC _dTR-AnTOB _beng _erda |
||
| 041 | 1 |
_aeng _hrus |
|
| 050 | 1 | 4 |
_aQA379 _b.G34513 1966 |
| 090 |
_aQA379 _b.G34513 1966 |
||
| 100 | 1 |
_aGakhov, F. D. _q(Fedor Dmitrievich) _9153740 _eauthor |
|
| 240 | 1 | 0 |
_aKraevye zadachi. _lEnglish |
| 245 | 1 | 0 |
_aBoundary value problems / _cF.D. Gakhov ; translation edited by I.N. Sneddon. |
| 264 | 1 |
_aNew York : _bPergamon Press, _c1966. |
|
| 300 |
_axix, 561 pages ; _c22 cm |
||
| 336 |
_atext _btxt _2rdacontent |
||
| 337 |
_aunmediated _bn _2rdamedia |
||
| 338 |
_avolume _bnc _2rdacarrier |
||
| 504 | _aBIBINDX | ||
| 650 | 0 |
_aBoundary value problems _91009 |
|
| 700 | 1 |
_aSneddon, Ian Naismith _etranslator _944012 |
|
| 942 |
_2lcc _cBK |
||
| 999 |
_c200468156 _d86368 |
||